00491nam a22001937a 450000500170000001000130001702000220003003500130005203700160006504000120008108200110009310000190010424500410012326000380016427000130020230000200021565000350023565000270027020170124110127.0 aA-123122 c00.00a0582780053 aA-123122 bCen Lib/Ret aDPLbEN aNbSEL aSelvon, Samuel aWays of sunlight /cby Samuel Selvon bLongman CaribbeanaTrinidadc1973 bTrinidad a188p.c19cm(Hb) aCaribbean literature (English) aShort stories, English